000 00917nas a2200301 4500
001 BR2017000162
003 BR-BrBNA
005 20231205130819.0
007 ta
008 230509b bl.|||p| |||| 00| 00por d
040 _aBR-BrBNA
_bpor
_cBiblioteca Nacional de Agricultura
041 _a(Pt)
072 _aH20
100 1 _aMelo, L.G. de L.
100 1 _aSilva, E.K.C. e
100 1 _aCampos Neto, J.R.M.
100 1 _aLins, S.R. de O.
100 1 _aRodrigues, A.A.C.
100 1 _aOliveira, S.M.A. de
245 1 _aIndutores de resistência abióticos no controle da fusariose do abacaxi
650 _aABACAXI
650 _aDOENÇA DE PLANTA
650 _aFUSARIOSE
650 _aADUBAÇÃO FOLIAR
773 0 _tPesquisa Agropecuária Brasileira (Brazil)
_xISSN 0100-204X
_g(Oct 2016), v. 51(10) p. 1703-1709
_wBR2017000162
909 _a202311
_bLúcia
_c55
_dLúcia Elande
942 _2AGRIS
_n0
_cANA
999 _c251412
_d251412